000 00605nam a2200193 a 4500
001 4429
003 CO-ViMGA
008 141112s2004 ck r 000 u spa d
040 _aCO-ViMGA
_bspa
_cCO-ViMGA
082 0 4 _a658.8 T712
100 1 _aTracy, Brian
_955142
245 1 0 _aEstrategias eficaces de ventas :
_bel sistema más contrastado de ideas, metodos y tecnicas de ventas empleado por los líderes comerciales mundiales
260 _aBarcelona :
_bPaidós,
_c1997
300 _a426 p
490 _aEmpresa, 47
650 1 4 _aMERCADOTECNIA
650 1 4 _aVENTAS - ADMINISTRACION
942 _2ddc
_cBK
999 _c16439
_d16439